| 000 | 00871cam a22002293a 4500 | ||
|---|---|---|---|
| 001 | 26375 | ||
| 003 | PGUSA | ||
| 005 | 20140828083552.0 | ||
| 008 | 080820s2008||||xxu|||||s|||||000 | eng d | ||
| 040 |
_aPGUSA _beng |
||
| 042 | _adc | ||
| 050 | 4 | _aDC | |
| 100 | 1 |
_aFleury de Chaboulon, Pierre Alexandre Édouard, baron, _d1779-1835 |
|
| 245 | 1 | 0 |
_aLes Cent Jours (2/2) : _bMémoires pour servir à l'histoire de la vie privée, du retour et du règne de Napoléon en 1815. _h[electronic resource] / _cPierre Alexandre Édouard, baron Fleury de Chaboulon |
| 260 |
_bProject Gutenberg, _c2008 |
||
| 506 | _aPublic domain in the USA. | ||
| 516 | _aElectronic text | ||
| 653 | _aNapoleon I, Emperor of the French, 1769-1821 -- Elba and the Hundred Days, 1814-1815 | ||
| 830 | 0 |
_aProject Gutenberg _v26375 |
|
| 856 | 4 | 0 | _uhttp://www.gutenberg.org/ebooks/26375 |
| 942 | _cEB | ||
| 999 |
_c255630 _d255630 |
||